Wird geladen...
Avian disease manual
| 1. Verfasser: | |
|---|---|
| Sprache: | Undetermined |
| Veröffentlicht: |
International book distributing co.
2006
Lucknow |
| Ausgabe: | 5 |
| Schlagworte: |
| LEADER | 00636nam a2200253Ia 4500 | ||
|---|---|---|---|
| 008 | 141122s9999 xx 000 0 und d | ||
| 020 | |a 8181891570 | ||
| 040 | |c . | ||
| 041 | |a English | ||
| 082 | |a BB | ||
| 082 | |b BB | ||
| 100 | |a B R Charlton | ||
| 245 | |a Avian disease manual | ||
| 245 | |c B R Charlton | ||
| 250 | |a 5 | ||
| 260 | |b International book distributing co. | ||
| 260 | |b Lucknow | ||
| 260 | |c 2006 | ||
| 300 | |a 246 Pages | ||
| 500 | |a SC/STBB | ||
| 650 | |a Viral diseases | ||
| 942 | |c BB | ||
| 999 | |c 7612 |d 7612 | ||
| 952 | |0 0 |1 0 |4 0 |6 BB_BB |7 0 |9 7570 |a COVAS |b COVAS |d 0000-00-00 |o BB BB |p BB660 |r 2014-11-26 |w 2014-11-26 |y BB | ||